000 00430cam a22001457a 4500
008 180718b1981 xxu||||| |||| 00| 0 eng d
082 _aDx62 Sa96
100 _aSawant, Ankush B.
245 _aEgypt's Africa policy
_cby Ankush B. Sawant
260 _aDelhi
_bNational
_c1981
300 _a285p.
500 _aBibl.p.267-78, Rs.85.00
650 _aEgypt --Foreign relations --Africa
650 _aAfrica --Foreign relations --Egypt
999 _c353700
_d353700